Derecho, desobediencia y justicia / (Record no. 148074)

MARC details
000 -LEADER
campo de control de longitud fija 00605nam a2200181 4500
001 - NÚMERO DE CONTROL
campo de control 148074
003 - IDENTIFICADOR DE NÚMERO DE CONTROL
campo de control ES-MaACL
005 - FECHA Y HORA DE LA ÚLTIMA TRANSACCIÓN
campo de control 20230906202420.0
007 - CAMPO FIJO DE DESCRIPCIÓN FÍSICA--INFORMACIÓN GENERAL
campo de control de longitud fija t|
008 - DATOS DE LONGITUD FIJA--INFORMACIÓN GENERAL
campo de control de longitud fija 070214s1977 cl r ||||1| spa d
100 1# - ENTRADA PRINCIPAL--NOMBRE DE PERSONA
Nombre de persona Squella Narducci, Agustín.
9 (RLIN) 107821
245 10 - MENCIÓN DEL TÍTULO
Título Derecho, desobediencia y justicia /
Mención de responsabilidad, etc. Agustín Squella Narducci.
260 ## - PUBLICACIÓN, DISTRIBUCIÓN, ETC.
Lugar de publicación, distribución, etc. Valparaíso (Chile) :
Nombre del editor, distribuidor, etc. Universidad de Chile. Departamento de Ciencias Jurídicas,
Fecha de publicación, distribución, etc. 1977.
300 ## - DESCRIPCIÓN FÍSICA
Extensión XXXI, 406 p. ;
Dimensiones 22 cm.
710 00 - ENTRADA AGREGADA--NOMBRE DE ENTIDAD CORPORATIVA
Nombre de entidad corporativa o nombre de jurisdicción como elemento de entrada Universidad de Chile.
9 (RLIN) 7162
852 ## - LOCALIZACIÓN
Ubicación ES-MaACL
Número de control de estantería A-8007
Sublocalización o colección R.96874
852 ## - LOCALIZACIÓN
Ubicación ES-MaACL
Número de control de estantería A-10608
Sublocalización o colección R.99746
Holdings
Estatus retirado Estado de pérdida Estado de daño No para préstamo Biblioteca de origen Biblioteca actual Ubicación en estantería Fecha de adquisición Fuente de adquisición Total de préstamos Signatura topográfica completa Código de barras Visto por última vez Precio de reemplazo Tipo de ítem Koha
        Biblioteca del Ateneo de Madrid Biblioteca del Ateneo de Madrid Depósito 1 17/01/2008     A-10608 1154531 23/02/2023 23/02/2023 Libro impreso
        Biblioteca del Ateneo de Madrid Biblioteca del Ateneo de Madrid Sala Pecera Planta 1 17/01/2008     A-8007 1154530 23/02/2023 23/02/2023 Libro impreso